Campeones de España - ¡Muerte súbita! - Estadísticas

Estadísticas generales
  • Esta prueba ha sido intentada 152 veces
  • La puntuación promedio es 8 de 9
Answers on the Grid
Answers color-coded by a green-red scale on the quiz's grid according to % correct below.
Real Madrid
Girona
Barcelona
Valencia
Rayo Vallecano
Deportivo Alaves
Osasuna Pamplona
Deportivo La Coruña
Real Betis
Leganes
Sevilla
Mallorca
Getafe
Real Sociedad
Athletic Bilbao
Atletico de Madrid
Cadiz
Levante
 
Estadísticas de respuestas
Respuesta % Correcto
Barcelona
100%
Real Madrid
100%
Valencia
89%
Athletic Bilbao
87%
Atletico de Madrid
87%
Sevilla
82%
Deportivo La Coruña
80%
Real Betis
76%
Real Sociedad
73%
No se encontraron pruebas coincidentes
Distribución de puntuación
Porcentaje de gente con cada puntuación
Porcentaje por número respondido
Historial de tus puntuaciones
No has intentado esta prueba.